书目信息 |
| 题名: |
战国策正宗
|
|
| 作者: | 杨子彦 著 | |
| 分册: | ||
| 出版信息: | 北京 华夏出版社 2008 |
|
| 页数: | 10,596页 | |
| 开本: | 24cm | |
| 丛书名: | ||
| 单 册: | ||
| 中图分类: | K231.04 | |
| 科图分类: | ||
| 主题词: | 中国--古代史--战国时代--史籍 , 古代史 , 战国时代 | |
| 电子资源: | ||
| ISBN: | 978-7-5080-4206-0 | |
| 000 | 00819nam0 2200253 45 | |
| 001 | 1050692562 | |
| 005 | 20100419100736.04 | |
| 010 | @a978-7-5080-4206-0@dCNY48.00 | |
| 100 | @a20100408d2008 em y0chiy0120 ea | |
| 101 | 0 | @achi |
| 102 | @aCN@b110000 | |
| 105 | @ay z 000yd | |
| 106 | @ar | |
| 200 | 1 | @a战国策正宗@AZhan Guo Ce Zheng Zong@f杨子彦著@FYang Zi Yan Zhu |
| 210 | @a北京@c华夏出版社@d2008 | |
| 215 | @a10,596页@d24cm | |
| 330 | @a本书是战国时期纵横家的言论总集,主要记录当时游说之士的政治主张和谋略,展示了战国时代的历史特点和社会风貌,是研究战国历史和传统文化的重要典籍。 | |
| 606 | 0 | @a中国@x古代史@z战国时代@x史籍 |
| 606 | 0 | @a古代史 |
| 606 | 0 | @a战国时代 |
| 690 | @aK231.04@v4 | |
| 701 | 0 | @a杨子彦@AYang Zi Yan@4著 |
| 801 | 0 | @aCN@bTANGWEI@c20100419 |
| 905 | @b0589557-61@dK231.04@e14@f5 | |
| 战国策正宗/杨子彦著.-北京:华夏出版社,2008 |
| 10,596页;24cm |
| ISBN 978-7-5080-4206-0:CNY48.00 |
| 本书是战国时期纵横家的言论总集,主要记录当时游说之士的政治主张和谋略,展示了战国时代的历史特点和社会风貌,是研究战国历史和传统文化的重要典籍。 |
| ● |
| 相关链接 |
|
|
|
|
正题名:战国策正宗
索取号:K231.04/14
 
预约/预借
| 序号 | 登录号 | 条形码 | 馆藏地/架位号 | 状态 | 备注 |
| 1 | 0589557 | 205895575 | 第二样本阅览室/ [索取号:K231.04/14] | 在馆 | |
| 2 | 0589558 | 205895584 | 第二借阅区/ [索取号:K231.04/14] | 在馆 | |
| 3 | 0589559 | 205895593 | 第二借阅区/ [索取号:K231.04/14] | 在馆 | |
| 4 | 0589560 | 205895600 | 第二借阅区/ [索取号:K231.04/14] | 在馆 | |
| 5 | 0589561 | 205895619 | 第二借阅区/ [索取号:K231.04/14] | 在馆 |